Największe miasta Podlasia - Statystyki

Ogólne statystyki
  • Ten quiz został rozwiązany 282 razy
  • Średni wynik to 4 z 10
Statystyki odpowiedzi
L.p. Miasto Populacja Województwo % Poprawnych
1 Białystok 296 958 podlaskie
100%
2 Augustów 29 946 podlaskie
61%
3 Bielsk Podlaski 25 044 podlaskie
54%
6 Siemiatycze 14 210 podlaskie
44%
4 Sokołów Podlaski 18 814 mazowieckie
35%
5 Łapy 15 412 podlaskie
34%
9 Wysokie Mazowieckie 9 336 podlaskie
33%
10 Łosice 7 023 mazowieckie
24%
8 Wasilków 11 802 podlaskie
20%
7 Węgrów 12 452 mazowieckie
18%
Nie znaleziono quizów pasujących do podanych kryteriów
Rozkład punktacji
Procent ludzi z każdym wynikiem
Percentyl według liczby udzielonych odpowiedzi
Twoja historia wyników
Nie rozwiązałeś tego quizu